000 00584nam a2200169 a 4500
040 _cDLC
082 0 0 _a634 NUK 1987 C143 Or.
100 1 _aJackson, J. K.
245 1 0 _aManual of afforestation in Nepal /
260 _aKathmandu, Nepal :
_bNepal-United Kingdom Forestry Research Project, Forest Survey and Research Office, Dept. of Forest,
_c1987.
300 _axii, 402 p. :
_bill. ;
_c31 cm.
500 _aIncludes accounts of individual species.
650 0 _aAfforestation
650 0 _aTree crops
710 2 _aNepal-United Kingdom Forestry Research Project.
942 _cAEDBB
999 _c18375
_d18375